000 00695nam a2200229 a 4500
001 13529
003 BD-JhCC
005 20240117090235.0
008 240117b2016 bg |||| ||a| 000 0 ben d
020 _a98490078893
035 _a(BD-JhCC)13529
040 _aBD-JhCC
_dBD-JhCC
041 _aBengali
082 _a891.4435
_bMAH 2016
100 _aমাহমুদ,অনীক
245 _aছোটদের গল্পসংগ্রহ-৩ /
_cঅনীক মাহমুদ।
260 _aঢাকা:
_bসুচয়নী পাবলিশার্স;
_c২০১৬.
300 _a325 p. :
_c22 cm.
650 _aBengali Short Story.
942 _2ddc
_cBK
999 _c13529
_d13529